000 01503cam a2200229 a 4500
020 _a9789251060070
020 _a925106007X
040 _cWAU
082 0 4 _a636 FOO 2008 A056 Or.
245 0 4 _aThe future of mariculture: a regional approach for responsible development in the Asia-Pacific region :
_bFAO/NACA regional workshop, 7-11 March 2006, Guangzhou, China /
260 _aRome :
_bFood and Agriculture Organization of the United Nations,
_c2008.
300 _aXI, 325 p. :
_bill. (some col.) ;
_c30 cm.
520 _aAquaculture in the Southeast Asian region has been growing steadily over the last few decades, requiring more space to accommodate it. The search for additional areas to expand the aquaculture industry as a whole and the identification of new farming species of commercial value to satisfy the growing local and export market are pushing the sector in some countries to broaden activities in the sea.--Publisher's description.
520 0 _aBangladesh; People's Republic of China; Hong Kong; India; Indonesia; Islamic Republic of Iran; Japan; Republic of Korea; Malaysia; The Philippines; Thailand; Viet Nam; Pacific Islands.
650 0 _aMariculture
700 1 _aLovatelli, Alessandro.
710 2 _aFood and Agriculture Organization of the United Nations.
710 2 _aNetwork of Aquaculture Centres in Asia-Pacific.
856 4 1 _uhttp://www.loc.gov/catdir/toc/fy0903/2008485318.html
856 1 1 _uftp://ftp.fao.org/docrep/fao/011/i0202e/i0202e.pdf
942 _cEK
999 _c15572
_d15572